| 000 | 00476nam a2200157Ia 4500 | ||
|---|---|---|---|
| 008 | 150610s9999 xx 000 0 und d | ||
| 020 | _a0 439221889 | ||
| 050 |
_aPZ7 _b.C94137 B8 1999 |
||
| 100 | _aCurtis, Christopher Paul | ||
| 245 |
_aBud, not buddy / _cChristopher Paul Curtis. |
||
| 260 |
_aNew York : _bScholastic, _c1999. |
||
| 300 |
_a245pages ; _c20 cm. |
||
| 520 | _aFiction. | ||
| 650 |
_aAmerican Africans _xFiction. |
||
| 650 |
_aDepressions-1929 _xFiction. |
||
| 999 |
_c287942 _d287942 |
||